000 00829cam a2200289 i 4500
001 0000449
003 DO-SdBNP
005 20240705105655.0
007 0000449
008 100514s2007 ch | 000 f spa
015 _a
017 _a
_b
020 _a9997220927X
035 _a
040 _aBPMSU
_bspa
_cBPMSU
_e
080 _a
082 4 _a833.7
_bS252v 2007
_222
245 0 0 _aSastrecillo valiente /
_c [Jacob y Wilhelm Grimm] ; adaptación de Lexus Editores
260 _aChina :
_b Lexus,
_c2007
_g
300 _aVarias paginaciones .:
_bil.;
_c21 cm
650 4 _aNovela infantil alemana
650 4 _aValentía
_vNovela infantil
700 1 _a [Grimm, Jacob Ludwig Karl,
_d1785-1863.
_tEl Sastrecillo valiente ]
710 2 _aLexus
910 _aVMateo V. Control de caldiad. BPMSU
942 _2ddc
_cBK
999 _c14719
_d14719